Online
Catalog

Me gusta el bosque : (Record no. 10639)

MARC details
000 -CABECERA
campo de control de longitud fija 01009cam a2200277 a 4500
001 - NÚMERO DE CONTROL
campo de control 000010900
005 - FECHA Y HORA DE LA ÚLTIMA TRANSACCIÓN
campo de control 20200929162320.0
008 - DATOS DE LONGITUD FIJA--INFORMACIÓN GENERAL
campo de control de longitud fija 970514s1996 ck a 001 0aspa
020 ## - NÚMERO INTERNACIONAL ESTÁNDAR DEL LIBRO
Número Internacional Estándar del Libro 9586122484
035 ## - NÚMERO DE CONTROL DEL SISTEMA
Número de control de sistema (DLC) 97151231
035 ## - NÚMERO DE CONTROL DEL SISTEMA
Número de control de sistema (BoCbEI)ei 960071248
040 ## - FUENTE DE LA CATALOGACIÓN
Centro catalogador/agencia de origen DO-SdBNP
Centro/agencia transcriptor DLC
Centro/agencia modificador BNPHU
050 00 - SIGNATURA TOPOGRÁFICA DE LA BIBLIOTECA DEL CONGRESO
Número de clasificación GR133.C73
Número de documento/Ítem B536 1996
082 ## - NÚMERO DE LA CLASIFICACIÓN DECIMAL DEWEY
Número de clasificación 398/.353/09861
Número de documento/Ítem 21
-- M977m
049 ## - FONDOS LOCALES (OCLC)
Fondos de biblioteca BNGR
100 1# - ENTRADA PRINCIPAL--NOMBRE DE PERSONA
Nombre de persona Murillo, Desiderio,
Fechas asociadas al nombre 1920-
9 (RLIN) 26281
245 13 - MENCIÓN DE TÍTULO
Título Me gusta el bosque :
Resto del título vivencias de un curandero /
Mención de responsabilidad, etc. Desiderio Murillo ; compilador, Jorge Enrique Ruiz.
260 ## - PUBLICACIÓN, DISTRIBUCIÓN, ETC.
Lugar de publicación, distribución, etc. Santafé de Bogota, (Colombia) :
Nombre del editor, distribuidor, etc. Colcultura :
-- Tercer Mundo,
Fecha de publicación, distribución, etc. 1996.
300 ## - DESCRIPCIÓN FÍSICA
Extensión xii, 37 p. :
Otras características físicas il. ;
Dimensiones 21 cm.
586 ## - NOTA DE PREMIOS
Nota de premios Premios nacionales de cultura, 1995
650 #0 - PUNTO DE ACCESO ADICIONAL DE MATERIA--TÉRMINO DE MATERIA
Término de materia o nombre geográfico como elemento de entrada Traditional medicine
Subdivisión geográfica Colombia.
9 (RLIN) 26282
600 10 - PUNTO DE ACCESO ADICIONAL DE MATERIA--NOMBRE DE PERSONA
Nombre de persona Murillo, Desiderio,
Fechas asociadas al nombre 1920-
9 (RLIN) 26281
650 #0 - PUNTO DE ACCESO ADICIONAL DE MATERIA--TÉRMINO DE MATERIA
Término de materia o nombre geográfico como elemento de entrada Healers, black
Subdivisión geográfica Colombia
Subdivisión general Biography.
9 (RLIN) 26283
700 1# - PUNTO DE ACCESO ADICIONAL--NOMBRE DE PERSONA
Nombre de persona Ruiz, Jorge Enrique,
Fechas asociadas al nombre 1961-
Títulos y otros términos asociados al nombre comp.
9 (RLIN) 26284
910 ## - DATOS DE OPCIÓN DEL USUARIO (OCLC)
Datos de opción del usuario Catalogación por copia / LC
Holdings
Estado de retiro Estado de pérdida Restricciones de uso No para préstamo Código de colección Localización permanente Ubicación/localización actual Ubicación en estantería Fecha de adquisición Número de inventario Total de préstamos Signatura topográfica completa Código de barras Fecha visto por última vez Precio válido a partir de Tipo de ítem Koha
    Préstamo interno   Monografías: Libros y Folletos General General En catalogación 12.10.2009 LF1   398/.353/09861 21 M977m 10900-10 25.06.2020 25.06.2020 Préstamo interno

Powered by Koha